000 00354nam a2200133Ia 4500
008 151001s9999||||xx |||||||||||||| ||und||
100 _aGalsworthy John
245 4 _aThe man of peoperly
250 _a1
260 _bThe london Book co.
260 _c1937
300 _a315
365 _b8
999 _c949825
_d949822